000 00944cam a22002533a 4500
001 9050
003 PGUSA
005 20140828083207.0
008 051001s2005||||xxu|||||s|||||000 | eng d
040 _aPGUSA
_beng
042 _adc
050 4 _aPR
245 1 2 _aA Select Collection of Old English Plays, Volume 1
_h[electronic resource]
260 _bProject Gutenberg,
_c2005
505 0 _aInterlude of the four elements -- The tragic-comedy of Calisto and Melibaea -- Everyman: a moral play -- Hickscorner -- The pardoner and the friar -- The world and the child -- God's promises -- The four P.P. -- A new interlude, called Thersites.
506 _aPublic domain in the USA.
516 _aElectronic text
653 _aEnglish drama
700 1 _aHazlitt, William Carew,
_d1834-1913
700 1 _aDodsley, Robert,
_d1703-1764
830 0 _aProject Gutenberg
_v9050
856 4 0 _uhttp://www.gutenberg.org/ebooks/9050
942 _cEB
999 _c238334
_d238334